00713nam a22001097a 4500040000900000082002700009100002400036245040300060260002800463300002500491856008700516 cRUA  aAVM PHO 2012 B101 Or.1 aPHOYPHAN CHANSARIN  aEffect of ivomec-f and pyrantel palmoate on gastrointestinal parasites in household cattles raising in chhouk district, (ប្រសិទ្ធភាព Ivomec-f និង pyrantel palmoate លើបរាសិតក្នុងក្រពះ ពោះវៀនគោ ចិញ្ចឹមជាលក្ខណះគ្រួសារ នៅស្រុកឈូក ខេត្តកំពត) aPhnom Penh bRua c2012 ax; 45p.bill.c29cm. uhttps://drive.google.com/file/d/1Zclpi6Fti0HPJpcWJ_Ek86BDt8d9w_1D/view?usp=sharing